LDR 00868naa#a2200253#i#450# 001 EN\\bibl\122325 005 20260511175921.1 011 ## _a1998-6785 100 ## _a20230921b2023####ek#y0engy0150####ca 102 ## _aRU 200 1# _aTransborder regions of the Far East _eJournal article 210 1# _aVladivostok _cVladivostok State University _d2023 215 ## _a11 с. 608 ## _aJournal article _2local 675 ## _aМеждународные отношения. Мировая политика. Внешняя политика. 327 _z 700 #1 _aBarbenko _gYaroslav A 700 #1 _aBliakher _gLeonid Efimovich 700 #1 _aDemyanenko _gAlexandr N 700 #1 _aKireev _gAnton A 700 #1 _aLeontyeva _gElvira Oktav'evna 700 #1 _aMishina _gNatal'ya Vasil'evna 700 #1 _aUkrainskii _gVadim N. 700 #1 _aYarulin _gIldus Fayzrahmanovich 856 4# _aojkum.editorum.ru _u